LEADER 01173nam0-2200433---450- 001 990003767030403321 005 20060509160134.0 035 $a000376703 035 $aFED01000376703 035 $a(Aleph)000376703FED01 035 $a000376703 100 $a20030910d1975----km-y0itay50------ba 101 0 $aita 102 $aIT 105 $ay-------001yy 200 1 $a<>famiglia nella societą contemporanea$fChiara Saraceno 210 $aTorino$cLoescher$d© 1975 215 $a252 p.$d19 cm 225 1 $aScienze sociali$v13 610 0 $aFamiglia$aSociologia 610 0 $aFamiglia$aSec. 20. 676 $a306.85 676 $a306.8 700 1$aSaraceno,$bChiara$f<1942- >$0367963 801 0$aIT$bUNINA$gRICA$2UNIMARC 901 $aBK 912 $a990003767030403321 952 $a306.85 SAR 1$b1044$fBFS 952 $aCOLL.290(13)$bBibl.3697$fFLFBC 952 $aCOLLEZ. 247 (13)$b9225$fFSPBC 952 $a15430 SAR$b11139$fSES 952 $aXI G S 4$b6050$fDFD 959 $aBFS 959 $aFLFBC 959 $aFSPBC 959 $aSES 959 $aDFD 996 $aFamiglia nella societa contemporanea$9498925 997 $aUNINA LEADER 01207cam0-22003851i-450- 001 990006087280403321 005 20051109140113.0 010 $a88-204-2502-5 035 $a000608728 035 $aFED01000608728 035 $a(Aleph)000608728FED01 035 $a000608728 100 $a20000112d1988----km-y0itay50------ba 101 0 $aita 102 $aIT 105 $ay-------001yy 200 1 $aPolitiche del personale e valorizzazione femminile$fdi L. Frey, R. Livraghi, T. Treu$gcon contributi di discenti dei corsi di formazione di consiglieri di parita della Regione Lombardia 210 $aMilano$cF. Angeli$d1988 215 $a185 p.$d22 cm 225 1 $aQuaderni di economia del lavoro$v30 676 $a331.4$v20$zita 676 $a18240 702 1$aFrey,$bLuigi$f<1934- > 702 1$aLivraghi,$bRenata 702 1$aTreu,$bTiziano$f<1939- > 801 0$aIT$bUNINA$gRICA$2UNIMARC 901 $aBK 912 $a990006087280403321 952 $aVII F 277 (30)$b6434*$fFGBC 952 $aEco-1.Q$b6923/f$fSES 952 $aXV C 223 (30)$b6434*$fFGBC 959 $aFGBC 959 $aSES 996 $aPolitiche del personale e valorizzazione femminile$9576765 997 $aUNINA